[Event "FIDE World Cup"]
[Site "Krasnaya Polyana (Sochi) RUS"]
[Date "2021.08.03"]
[Round "7.3"]
[White "Jan-Krzysztof Duda"]
[Black "Magnus Carlsen"]
[Result "1/2-1/2"]
[EventDate "2021.07.12"]
[WhiteElo "2738"]
[BlackElo "2847"]
[PlyCount "66"]

1. e4 e5 2. Nf3 Nc6 3. Bb5 Nf6 4. d3 d6 5. c3 a6 6. Ba4 g6 7. O-O Bg7 8. Re1 O-O 9. h3 Nb8 10. Nbd2 Nbd7 11. Bc2 b5 12. a4 Bb7 13. b4 c5 14. bxc5 Nxc5 15. axb5 axb5 16. Ba3 Re8 17. Qb1 Bc6 18. d4 exd4 19. cxd4 b4 20. Bb2 b3 21. dxc5 bxc2 22. Qxc2 dxc5 23. Ne5 Ba4 24. Rxa4 Rxa4 25. Qxa4 Qxd2 26. Qa1 Nh5 27. Bc3 Qc2 28. Qa7 Qb3 29. Qxc5 Nf4 30. Re3 Qd1+ 31. Re1 Qb3 32. Re3 Qd1+ 33. Re1 Qb3 1/2-1/2

[Event "FIDE World Cup 2021"]
[Site "Krasnaya Polyana (Sochi) RUS"]
[Date "2021.08.02"]
[Round "7.2"]
[White "Jan-Krzysztof Duda"]
[Black "Magnus Carlsen"]
[Result "1/2-1/2"]
[EventDate "2021.07.12"]
[WhiteElo "2738"]
[BlackElo "2847"]
[PlyCount "130"]

1. e4 e5 2. Nf3 Nc6 3. Bb5 a6 4. Ba4 Nf6 5. O-O Be7 6. Re1 b5 7. Bb3 O-O 8. a4 Rb8 9. c3 d5 10. exd5 Nxd5 11. axb5 axb5 12. Nxe5 Nxe5 13. Rxe5 c6 14. d4 Bd6 15. Re1 Qh4 16. g3 Qh3 17. Re4 g5 18. Qf1 Qxf1+ 19. Kxf1 Bf5 20. Nd2 Bxe4 21. Nxe4 Be7 22. Bxg5 Bxg5 23. Nxg5 Ra8 24. Rd1 Nb6 25. Re1 Nc4 26. Bxc4 bxc4 27. Nf3 Rfb8 28. Ne5 Rxb2 29. Nxc4 Rc2 30. Re3 Ra1+ 31. Kg2 Rac1 32. Re8+ Kg7 33. Ne5 Rxc3 34. Re7 R3c2 35. Rxf7+ Kg8 36. Rc7 h5 37. Nd7 Rd1 38. Nf6+ Kf8 39. Nxh5 Rdd2 40. h4 Rxf2+ 41. Kh3 Rf7 42. Rc8+ Ke7 43. Nf4 Kd6 44. h5 Rd2 45. Kg4 Rg7+ 46. Kf3 Rxd4 47. h6 Rh7 48. Rd8+ Ke5 49. Re8+ Kd6 50. Rd8+ Ke5 51. Re8+ Kd6 52. Re6+ Kd7 53. Rg6 Ke7 54. Rxc6 Rd6 55. Ng6+ Kd7 56. Ne5+ Ke6 57. Rxd6+ Kxd6 58. Kf4 Ke6 59. Ng4 Ra7 60. Kg5 Kf7 61. Ne3 Kg8 62. g4 Kh7 63. Kh5 Ra3 64. Nf5 Ra5 65. Kg5 1/2-1/2

[Event "FIDE World Cup 2021"]
[Site "Krasnaya Polyana (Sochi) RUS"]
[Date "2021.07.27"]
[Round "5.4"]
[White "Alexander Grischuk"]
[Black "Jan-Krzysztof Duda"]
[Result "1/2-1/2"]
[EventDate "2021.07.12"]
[WhiteElo "2778"]
[BlackElo "2738"]
[PlyCount "94"]

1. Nf3 d5 2. g3 Nd7 3. Bg2 e5 4. O-O Ngf6 5. d4 e4 6. Ne5 Bd6 7. Nxd7 Bxd7 8. c4 h6 9. cxd5 O-O 10. Qb3 Re8 11. Nc3 b5 12. a4 a6 13. Qc2 Bf5 14. axb5 axb5 15. Rxa8 Qxa8 16. Nxb5 Qxd5 17. Nxc7 Bxc7 18. Qxc7 Qxd4 19. Qf4 Bg4 20. Re1 Rc8 21. Qe3 Qb4 22. Rd1 Rc2 23. Bf1 Qc4 24. b3 Qb5 25. Rd2 Rxd2 26. Bxd2 Be6 27. b4 Bc4 28. h3 Qa6 29. g4 Bb5 30. Kg2 Qc6 31. Kg1 Qa6 32. h4 Nxg4 33. Qxe4 Nf6 34. Qe5 Nd7 35. Qd4 Nf8 36. f3 Bxe2 37. Bg2 Ne6 38. Qe5 Qd3 39. Qe3 Qc4 40. Bc3 Bd3 41. Bd2 Nd4 42. Kf2 Nc2 43. Qe8+ Kh7 44. Qe7 Bg6 45. Kg3 Nd4 46. Qc5 Nf5+ 47. Kf2 1/2-1/2

[Event "FIDE World Cup 2021"]
[Site "Krasnaya Polyana (Sochi) RUS"]
[Date "2021.07.26"]
[Round "5.2"]
[White "Jan-Krzysztof Duda"]
[Black "Alexander Grischuk"]
[Result "1/2-1/2"]
[EventDate "2021.07.12"]
[WhiteElo "2738"]
[BlackElo "2778"]
[PlyCount "56"]

1. d4 Nf6 2. c4 e6 3. Nf3 d5 4. Nc3 c5 5. cxd5 cxd4 6. Qxd4 exd5 7. Bg5 Be7 8. e3 O-O 9. Bd3 h6 10. Bh4 Nc6 11. Qa4 Bd7 12. Qd1 Bg4 13. h3 Bxf3 14. Qxf3 d4 15. Bxf6 Bxf6 16. Nd5 Bg5 17. e4 Qa5+ 18. Kf1 Ne5 19. Qe2 f5 20. h4 fxe4 21. hxg5 Nxd3 22. Qxe4 Qd2 23. Qe6+ Rf7 24. Ne7+ Kf8 25. Ng6+ Kg8 26. Ne7+ Kf8 27. Ng6+ Kg8 28. Ne7+ 1/2-1/2

[Event "FIDE World Cup 2021"]
[Site "Krasnaya Polyana (Sochi) RUS"]
[Date "2021.07.25"]
[Round "5.1"]
[White "Alexander Grischuk"]
[Black "Jan-Krzysztof Duda"]
[Result "1/2-1/2"]
[EventDate "2021.07.12"]
[WhiteElo "2778"]
[BlackElo "2738"]
[PlyCount "66"]

1. d4 Nf6 2. c4 e6 3. Nf3 d5 4. Nc3 dxc4 5. e4 Bb4 6. Bxc4 Nxe4 7. O-O Nf6 8. Qa4+ Nc6 9. Bg5 Bxc3 10. bxc3 h6 11. Bh4 O-O 12. Rad1 Ne7 13. Bxf6 gxf6 14. Qc2 Rb8 15. a4 a6 16. Rfe1 b5 17. Ba2 Kg7 18. Nh4 Qd6 19. Rd3 f5 20. axb5 axb5 21. Rg3+ Kh7 22. Qe2 Bb7 23. Qh5 Ra8 24. Bb1 Qf4 25. h3 Kh8 26. Rxe6 fxe6 27. Ng6+ Nxg6 28. Qxg6 Rg8 29. Qf6+ Kh7 30. Qf7+ Kh8 31. Qf6+ Kh7 32. Qf7+ Kh8 33. Qf6+ 1/2-1/2

[Event "FIDE World Cup 2021"]
[Site "Krasnaya Polyana (Sochi) RUS"]
[Date "2021.07.23"]
[Round "4.2"]
[White "Pouya Idani"]
[Black "Jan-Krzysztof Duda"]
[Result "0-1"]
[EventDate "2021.07.12"]
[WhiteElo "2706"]
[BlackElo "2738"]
[PlyCount "90"]

1. e4 e5 2. Nf3 Nf6 3. Nxe5 d6 4. Nf3 Nxe4 5. d4 d5 6. Bd3 Bf5 7. O-O Be7 8. Re1 O-O 9. Nbd2 Nd6 10. Nf1 Bxd3 11. Qxd3 c6 12. Ng3 Na6 13. b3 Re8 14. Bd2 Nc7 15. c4 Bf6 16. Ba5 b6 17. Bc3 dxc4 18. bxc4 b5 19. Rxe8+ Ndxe8 20. cxb5 Nxb5 21. Rc1 Qd5 22. a4 Nxc3 23. Qxc3 Rc8 24. h3 g6 25. Qb4 Kg7 26. Ne2 Qe4 27. Nc3 Qf4 28. Re1 c5 29. Qb7 Qb8 30. Qa6 Nc7 31. Qd3 Rd8 32. Rb1 Qa8 33. Ne2 Ne6 34. d5 Qxd5 35. Qxd5 Rxd5 36. Rc1 Rd3 37. Ng3 Ra3 38. Rc4 Bc3 39. Ne4 Bb4 40. Ne5 f5 41. Nd6 Rxa4 42. Nb7 Ra1+ 43. Kh2 Rd1 44. Nc6 Be1 45. f4 Rd3 0-1

[Event "FIDE World Cup 2021"]
[Site "Krasnaya Polyana (Sochi) RUS"]
[Date "2021.07.22"]
[Round "4.1"]
[White "Jan-Krzysztof Duda"]
[Black "Pouya Idani"]
[Result "1/2-1/2"]
[EventDate "2021.07.12"]
[WhiteElo "2738"]
[BlackElo "2706"]
[PlyCount "120"]

1. e4 c5 2. Nf3 d6 3. d4 cxd4 4. Nxd4 Nf6 5. Nc3 a6 6. Be3 e5 7. Nb3 Be6 8. f3 Be7 9. Qd2 O-O 10. O-O-O Nbd7 11. g4 b5 12. g5 b4 13. gxf6 bxc3 14. Qxc3 Nxf6 15. Na5 Rc8 16. Nc6 Qd7 17. Nxe7+ Qxe7 18. Qa3 Rc6 19. Rg1 Qc7 20. Bd3 g6 21. Kb1 Rb8 22. Rg2 a5 23. Ka1 Kg7 24. Bd2 d5 25. Bxa5 Qa7 26. Bd2 Qc7 27. b3 dxe4 28. fxe4 Nd7 29. Qc1 Nc5 30. Bh6+ Kg8 31. Qg5 f6 32. Qxf6 Bxb3 33. Qg7+ Qxg7 34. Bxg7 Bxc2 35. Bxc2 Kxg7 36. Rg3 Rf8 37. Rc3 Nb3+ 38. Kb2 Rxc3 39. Rd7+ Kf6 40. Kxc3 Nd4 41. Bb3 Kg5 42. Rxh7 Rf3+ 43. Kc4 Re3 44. Kd5 Nxb3 45. axb3 Rxb3 46. Kxe5 Rb5+ 47. Kd4 Rb4+ 48. Kd5 Rb5+ 49. Kc4 Ra5 50. Rf7 Ra4+ 51. Kd5 Ra5+ 52. Kd4 Ra4+ 53. Ke3 Ra3+ 54. Kf2 Ra4 55. Kf3 Ra3+ 56. Kg2 Re3 57. Re7 Kf6 58. Re8 Kf7 59. Re5 Kf6 60. Re8 1/2-1/2

[Event "FIDE World Cup 2021"]
[Site "Krasnaya Polyana (Sochi) RUS"]
[Date "2021.07.16"]
[Round "2.2"]
[White "Guillermo Vazquez"]
[Black "Jan-Krzysztof Duda"]
[Result "1/2-1/2"]
[EventDate "2021.07.12"]
[WhiteElo "2527"]
[BlackElo "2738"]
[PlyCount "64"]

1. e4 c5 2. Nf3 d6 3. Bb5+ Bd7 4. Bxd7+ Nxd7 5. O-O Ngf6 6. Re1 e6 7. c3 Be7 8. d4 O-O 9. Qd3 Rc8 10. Bg5 cxd4 11. cxd4 d5 12. e5 Ne4 13. Bxe7 Qxe7 14. Nbd2 Nxd2 15. Qxd2 Rc6 16. Rac1 Rfc8 17. g3 Nb6 18. b3 Qc7 19. Rxc6 Qxc6 20. Kg2 Qc3 21. Rd1 Qxd2 22. Rxd2 Kf8 23. Ne1 Nd7 24. Rc2 Rxc2 25. Nxc2 Nb8 26. f4 Nc6 27. g4 g6 28. Kf3 Kg7 29. h3 h5 30. Kg3 hxg4 31. hxg4 g5 32. f5 1/2-1/2

[Event "FIDE World Cup 2021"]
[Site "Krasnaya Polyana (Sochi) RUS"]
[Date "2021.07.15"]
[Round "2.1"]
[White "Jan-Krzysztof Duda"]
[Black "Guillermo Vazquez"]
[Result "1-0"]
[EventDate "2021.07.12"]
[WhiteElo "2738"]
[BlackElo "2527"]
[PlyCount "132"]

1. d4 Nf6 2. c4 e6 3. Nf3 d5 4. Nc3 Bb4 5. cxd5 exd5 6. Bg5 h6 7. Bh4 O-O 8. e3 Bf5 9. Qb3 Bxc3+ 10. Qxc3 Nbd7 11. Be2 c6 12. Qa3 g5 13. Bg3 Ne4 14. Nd2 Nxg3 15. hxg3 Qf6 16. g4 Bh7 17. Nf1 Kg7 18. Ng3 Bg6 19. Bd3 Rfe8 20. Rd1 Nb6 21. Qb3 Re7 22. a4 Nc8 23. a5 a6 24. Rd2 Nd6 25. Qb4 Rae8 26. Bf5 Nc4 27. Re2 Qd6 28. Qxd6 Nxd6 29. b3 Rh8 30. f3 b6 31. axb6 Rb8 32. Bxg6 fxg6 33. Kf2 Rxb6 34. Rc1 Re6 35. Rec2 Kf7 36. Rc3 Nb5 37. Rd3 Nd6 38. Re1 a5 39. Rh1 Kg7 40. Ra1 Rb5 41. Rc3 Nb7 42. Rac1 Rb6 43. e4 Nd6 44. e5 Nb5 45. Rd3 Ra6 46. Ne2 a4 47. bxa4 Rxa4 48. f4 gxf4 49. Nxf4 Re8 50. Rxc6 Rxd4 51. Rxd4 Nxd4 52. Rc7+ Kg8 53. Nxd5 Kf8 54. Nf4 g5 55. Ng6+ Kg8 56. Ke3 Ne6 57. Re7 Rxe7 58. Nxe7+ Kf7 59. Nf5 Nf4 60. g3 Nd5+ 61. Ke4 Nc3+ 62. Kd4 Nb5+ 63. Kc5 Nc3 64. Kd6 Ne4+ 65. Kd7 Nc5+ 66. Kc6 1-0

[Event "Goldmoney Asian Rapid"]
[Site "chess24.com INT"]
[Date "2021.06.28"]
[Round "12.2"]
[White "Vladislav Artemiev"]
[Black "Jan-Krzysztof Duda"]
[Result "1-0"]
[EventDate "2021.06.26"]
[WhiteElo "2704"]
[BlackElo "2729"]
[PlyCount "112"]

1. d4 Nf6 2. c4 e6 3. Nc3 d5 4. cxd5 Nxd5 5. Nf3 c5 6. e3 Nc6 7. Bd3 Be7 8. O-O O-O 9. a3 b6 10. Qc2 h6 11. dxc5 Nxc3 12. Qxc3 bxc5 13. Rd1 Qb6 14. Qc2 Ba6 15. Bxa6 Qxa6 16. Bd2 Rfd8 17. Bc3 Rd5 18. Rxd5 exd5 19. Rd1 Rd8 20. Qb3 Qb6 21. Qa4 Bf8 22. h3 g6 23. Bf6 Rd6 24. Qf4 d4 25. exd4 Nxd4 26. Bxd4 cxd4 27. Rxd4 Rxd4 28. Qxd4 Qxd4 29. Nxd4 Bg7 30. Nc6 Bxb2 31. a4 a6 32. Kf1 f5 33. Ke2 Kf7 34. Kd3 Ke6 35. Nb4 g5 36. Nxa6 g4 37. Kc4 Bc1 38. Nc5+ Kd6 39. a5 Kc6 40. Nb3 gxh3 41. gxh3 Bg5 42. Nd4+ Kb7 43. Kb5 f4 44. a6+ Ka7 45. Nc6+ Ka8 46. f3 h5 47. Kc4 Bh4 48. Kd5 Bg3 49. Ke4 Bh2 50. Kf5 Bg3 51. Kg5 h4 52. Kg4 Bf2 53. Kxf4 Be1 54. Ke4 Bg3 55. Kd5 Bh2 56. Kc4 1-0

[Event "Goldmoney Asian Rapid"]
[Site "chess24.com INT"]
[Date "2021.06.28"]
[Round "13.7"]
[White "Jan-Krzysztof Duda"]
[Black "Baskaran Adhiban"]
[Result "0-1"]
[EventDate "2021.06.26"]
[WhiteElo "2729"]
[BlackElo "2660"]
[PlyCount "124"]

1. e4 e5 2. Nf3 Nc6 3. Bb5 a6 4. Ba4 Nf6 5. O-O Bc5 6. c3 b5 7. Bc2 d6 8. a4 Bg4 9. d3 O-O 10. b4 Bb6 11. h3 Bd7 12. Bg5 h6 13. Bh4 g5 14. Nxg5 hxg5 15. Bxg5 Kg7 16. Qf3 Rb8 17. Nd2 Kg6 18. Bh4 Rh8 19. Qg3+ Kh7 20. Qg5 Ng8 21. Qh5+ Kg7 22. Qxh8+ Kxh8 23. Bxd8 Nxd8 24. Nf3 Ne6 25. Rfd1 a5 26. d4 exd4 27. bxa5 Bxa5 28. cxd4 b4 29. Bb3 Nf6 30. Re1 Kg7 31. e5 dxe5 32. dxe5 Nh7 33. Nd2 Nc5 34. Re3 Bb6 35. a5 Ba7 36. Rg3+ Kf8 37. Bc2 f5 38. Bxf5 Bxf5 39. Rf3 Ke7 40. Rxf5 Nf8 41. Rb1 Nfe6 42. Rh5 Kf7 43. Kh2 Nd3 44. Rf5+ Ke7 45. g4 Rh8 46. Ne4 Ndf4 47. Ng5 Nxg5 48. Rxf4 Bd4 49. Rxd4 Nf3+ 50. Kg2 Nxd4 51. Rxb4 c5 52. Rb7+ Ke6 53. a6 Ra8 54. Rc7 Kd5 55. a7 Nb5 56. Rb7 Nxa7 57. f4 Nc6 58. Rd7+ Ke4 59. Rc7 Nd4 60. f5 Kf4 61. h4 Ra2+ 62. Kf1 Nf3 0-1

[Event "Goldmoney Asian Rapid"]
[Site "chess24.com INT"]
[Date "2021.06.28"]
[Round "14.3"]
[White "Ding Liren"]
[Black "Jan-Krzysztof Duda"]
[Result "0-1"]
[EventDate "2021.06.26"]
[WhiteElo "2799"]
[BlackElo "2729"]
[PlyCount "106"]

1. c4 c5 2. Nf3 Nc6 3. e3 Nf6 4. d4 cxd4 5. exd4 d5 6. h3 g6 7. c5 Bg7 8. Bb5 Qa5+ 9. Nc3 Ne4 10. a4 Nxc3 11. bxc3 O-O 12. O-O Qc7 13. Re1 Bd7 14. Bg5 Rfe8 15. Qd2 b6 16. Bf4 Qd8 17. Rab1 Na5 18. Be5 Bxb5 19. axb5 Nc4 20. Qf4 f6 21. Bc7 Qd7 22. c6 Qc8 23. Ra1 e5 24. Bxe5 fxe5 25. dxe5 Qc7 26. Re2 Nxe5 27. Nd4 Qf7 28. Qg3 Nc4 29. Rae1 Rxe2 30. Rxe2 Bf8 31. Qg4 a5 32. bxa6 Rxa6 33. Nb5 Nd6 34. Nxd6 Ra1+ 35. Kh2 Bxd6+ 36. g3 Ra8 37. h4 h5 38. Qe6 Bc5 39. c7 Qxe6 40. Rxe6 Kf7 41. Rc6 Rc8 42. f4 d4 43. cxd4 Bxd4 44. Kg2 b5 45. Kf3 b4 46. Ke4 Bf6 47. Rb6 Rxc7 48. Rxb4 Rc3 49. Rb7+ Be7 50. f5 Rxg3 51. fxg6+ Rxg6 52. Rb5 Rg4+ 53. Kf3 Rxh4 0-1

[Event "Goldmoney Asian Rapid"]
[Site "chess24.com INT"]
[Date "2021.06.27"]
[Round "6.3"]
[White "Jan-Krzysztof Duda"]
[Black "Peter Svidler"]
[Result "1/2-1/2"]
[EventDate "2021.06.26"]
[WhiteElo "2729"]
[BlackElo "2714"]
[PlyCount "142"]

1. d4 Nf6 2. c4 g6 3. f3 c5 4. d5 Bg7 5. e4 d6 6. Nc3 O-O 7. Nge2 e6 8. Ng3 exd5 9. cxd5 a6 10. a4 h5 11. Be2 Nbd7 12. Bg5 Qe8 13. Qd2 Nh7 14. Bh6 h4 15. Bxg7 Kxg7 16. Nf1 f5 17. exf5 Ne5 18. Ne3 Bxf5 19. O-O g5 20. f4 gxf4 21. Rxf4 Qg6 22. Rxh4 Ng5 23. Nxf5+ Rxf5 24. Kh1 Raf8 25. Rg1 Qf6 26. Qe3 Ng6 27. Rg4 Qe5 28. Ne4 Nxe4 29. Rxe4 Qxb2 30. Qg3 R8f6 31. Bd3 Qf2 32. Re7+ Kf8 33. Qxf2 Rxf2 34. Rxb7 a5 35. Bxg6 Rxg6 36. Ra7 Rg4 37. Rxa5 c4 38. h3 Rd4 39. Ra7 c3 40. Rc7 c2 41. a5 Rd1 42. Kh2 Rxg1 43. Kxg1 Rd2 44. Kh2 Rxd5 45. Rxc2 Rxa5 46. h4 Ke7 47. Rf2 d5 48. h5 d4 49. g4 d3 50. h6 d2 51. Rxd2 Kf6 52. Kg3 Kg5 53. h7 Ra3+ 54. Kg2 Ra8 55. Rd7 Kg6 56. Kg3 Rh8 57. Kh4 Kh6 58. Ra7 Kg6 59. Rb7 Kh6 60. Rb5 Kxh7 61. Kh5 Kg7+ 62. Kg5 Ra8 63. Rb7+ Kg8 64. Rb6 Kg7 65. Rb7+ Kg8 66. Kh5 Rc8 67. g5 Rc6 68. Rb8+ Kg7 69. Rb7+ Kg8 70. Rb8+ Kg7 71. Rb7+ Kg8 1/2-1/2

[Event "Goldmoney Asian Rapid"]
[Site "chess24.com INT"]
[Date "2021.06.27"]
[Round "7.7"]
[White "A R Saleh Salem"]
[Black "Jan-Krzysztof Duda"]
[Result "1-0"]
[EventDate "2021.06.26"]
[WhiteElo "2682"]
[BlackElo "2729"]
[PlyCount "88"]

1. d4 Nf6 2. c4 e6 3. Nc3 Bb4 4. e3 c5 5. Bd3 O-O 6. Nf3 d5 7. O-O dxc4 8. Bxc4 Nc6 9. Bd3 h6 10. Bb1 Qe7 11. Qc2 Rd8 12. a3 cxd4 13. exd4 Bd6 14. Re1 Qc7 15. Ne4 Nxe4 16. Qxe4 f5 17. Qe3 Ne7 18. Ba2 Nd5 19. Bxd5 exd5 20. Bd2 a5 21. Ne5 Bxe5 22. Qxe5 Qxe5 23. Rxe5 b6 24. h4 Kf7 25. Rc1 Ra7 26. Rc6 Rb7 27. f3 a4 28. Kf2 Kg8 29. Kg3 Kh7 30. h5 b5 31. Kf4 Rf7 32. Bb4 Kg8 33. Rc5 Rb7 34. Ba5 Rf8 35. Rcxd5 Bd7 36. Rc5 Be8 37. Rxf5 Rxf5+ 38. Rxf5 Rf7 39. d5 Rd7 40. Ke5 Bf7 41. d6 Kf8 42. Bc7 Ke8 43. Kd4 Bc4 44. Kc5 1-0

[Event "Goldmoney Asian Rapid"]
[Site "chess24.com INT"]
[Date "2021.06.27"]
[Round "8.2"]
[White "Jan-Krzysztof Duda"]
[Black "Magnus Carlsen"]
[Result "1/2-1/2"]
[EventDate "2021.06.26"]
[WhiteElo "2729"]
[BlackElo "2847"]
[PlyCount "76"]

1. d4 Nf6 2. c4 e6 3. Nf3 d5 4. Nc3 a6 5. c5 Nc6 6. h3 Ne4 7. Bf4 Nxc3 8. bxc3 b6 9. cxb6 cxb6 10. e3 Bd6 11. Bxd6 Qxd6 12. Bd3 Bd7 13. O-O b5 14. a4 bxa4 15. Rxa4 a5 16. Qc2 h6 17. Rfa1 O-O 18. Bb5 Qc7 19. Qa2 Rfc8 20. Bxc6 Qxc6 21. Rxa5 Rxa5 22. Qxa5 Qxc3 23. Qxc3 Rxc3 24. Ra8+ Rc8 25. Rxc8+ Bxc8 26. g4 g5 27. Kg2 f6 28. Kg3 Ba6 29. Nd2 Kf7 30. f4 Be2 31. Nb3 Ke7 32. Kf2 Bd1 33. Nc5 Kd6 34. Kg3 Be2 35. Kf2 Bb5 36. Kg3 Be2 37. Kf2 Bb5 38. Kg3 Be2 1/2-1/2

[Event "Goldmoney Asian Rapid"]
[Site "chess24.com INT"]
[Date "2021.06.27"]
[Round "9.8"]
[White "Anish Giri"]
[Black "Jan-Krzysztof Duda"]
[Result "1/2-1/2"]
[EventDate "2021.06.26"]
[WhiteElo "2780"]
[BlackElo "2729"]
[PlyCount "136"]

1. e4 c5 2. Nf3 d6 3. d4 cxd4 4. Nxd4 Nf6 5. Nc3 a6 6. a4 g6 7. Be2 Nc6 8. Be3 Bg7 9. O-O O-O 10. Qd2 Ng4 11. Bxg4 Bxg4 12. Nd5 Rc8 13. a5 Bxd4 14. Bxd4 Nxd4 15. Qxd4 Be6 16. Ne3 Qc7 17. Ra4 Qc5 18. Qd2 Qb5 19. b3 Rc5 20. Rfa1 Qc6 21. Rd4 Rc8 22. c4 b5 23. axb6 Qxb6 24. Rd3 Rb8 25. Nd5 Qd8 26. Rxa6 Bxd5 27. exd5 Rxc4 28. bxc4 Rb1+ 29. Qd1 Qb8 30. Ra1 Rxd1+ 31. Rdxd1 Qb2 32. h3 Kg7 33. Re1 Qc3 34. Rac1 Qd2 35. Rcd1 Qc2 36. Rd4 Qc3 37. Rde4 Kf8 38. R1e3 Qc1+ 39. Re1 Qc2 40. g3 Qd3 41. R1e3 Qc2 42. Kg2 h6 43. Rf4 g5 44. Rfe4 Kg7 45. h4 Kg6 46. hxg5 hxg5 47. Rd4 Kf6 48. g4 Qc1 49. Rde4 Qc2 50. Kg3 Kg6 51. Re2 Qc3+ 52. Kg2 Qd3 53. R2e3 Qc2 54. Kg3 Qc1 55. Re1 Qc3+ 56. f3 Kf6 57. Rh1 Qc2 58. Rf1 Qd3 59. Kg2 Qd2+ 60. Rf2 Qd3 61. Rfe2 Qc3 62. Kg3 Qc1 63. Kg2 Qc3 64. f4 Qd3 65. R2e3 Qc2+ 66. Re2 Qd3 67. R2e3 Qc2+ 68. Re2 Qd3 1/2-1/2

[Event "Goldmoney Asian Rapid"]
[Site "chess24.com INT"]
[Date "2021.06.27"]
[Round "10.1"]
[White "Levon Aronian"]
[Black "Jan-Krzysztof Duda"]
[Result "1/2-1/2"]
[EventDate "2021.06.26"]
[WhiteElo "2781"]
[BlackElo "2729"]
[PlyCount "74"]

1. d4 d5 2. c4 c6 3. cxd5 cxd5 4. Bf4 Nc6 5. e3 Nf6 6. Nc3 a6 7. Bd3 Bg4 8. Nge2 e6 9. O-O Be7 10. Rc1 O-O 11. Na4 Nd7 12. a3 Rc8 13. Rc3 b5 14. Qc2 Bxe2 15. Bxe2 Na5 16. Rc1 Nc4 17. b3 Bxa3 18. bxc4 Bxc1 19. cxb5 axb5 20. Bxb5 Ba3 21. Bc7 Rxc7 22. Rxc7 Nf6 23. g3 Bd6 24. Rc6 Qb8 25. Rb6 Qc7 26. Qxc7 Bxc7 27. Rc6 Ba5 28. Nc5 g6 29. Ba6 Rb8 30. Rc8+ Rxc8 31. Bxc8 Kf8 32. Nd7+ Nxd7 33. Bxd7 Ke7 34. Bb5 Kf8 35. Bd7 Ke7 36. Bb5 Kf8 37. Bd7 1/2-1/2

[Event "Goldmoney Asian Rapid"]
[Site "chess24.com INT"]
[Date "2021.06.26"]
[Round "2.5"]
[White "Jan-Krzysztof Duda"]
[Black "Vidit Santosh Gujrathi"]
[Result "1/2-1/2"]
[EventDate "2021.06.26"]
[WhiteElo "2729"]
[BlackElo "2726"]
[PlyCount "148"]

1. Nf3 Nf6 2. c4 c5 3. Nc3 Nc6 4. g3 d5 5. cxd5 Nxd5 6. Bg2 Nc7 7. O-O e5 8. b3 Be7 9. Bb2 O-O 10. Rc1 f6 11. e3 Bg4 12. h3 Bh5 13. d4 cxd4 14. exd4 Nxd4 15. g4 Bf7 16. Nxd4 exd4 17. Ne2 d3 18. Nd4 Ne6 19. Nxe6 Bxe6 20. Bxb7 Rb8 21. Be4 d2 22. Rc2 Bb4 23. a3 Bxb3 24. axb4 Rxb4 25. Bf3 Qd3 26. Qxd2 Qxf3 27. Rc3 Qd5 28. Rd3 Qb5 29. Ba3 Bc4 30. Rd7 Bxf1 31. Bxb4 Bxh3 32. f3 Re8 33. Qd5+ Qxd5 34. Rxd5 g6 35. Kf2 f5 36. g5 f4 37. Ra5 Rb8 38. Bd6 Rb2+ 39. Ke1 Rb1+ 40. Kd2 Rb7 41. Bxf4 Bf1 42. Rc5 Kf7 43. Be5 Ke6 44. f4 a6 45. Ke3 Bb5 46. Bc7 Kd7 47. Ba5 Bc6 48. Kd4 Kd6 49. f5 Re7 50. Bb4 Re4+ 51. Kc3 Re3+ 52. Kd2 Re4 53. Kc3 Re3+ 54. Kb2 Re4 55. Ka3 gxf5 56. Rxf5+ Kc7 57. Ba5+ Kd7 58. Bb4 Re3+ 59. Kb2 Rg3 60. Rf7+ Ke6 61. Rf6+ Kd5 62. Rd6+ Kc4 63. Rxc6+ Kxb4 64. Rxa6 Rxg5 65. Rh6 Rg2+ 66. Kc1 Rg7 67. Kd2 Kc4 68. Ke3 Kd5 69. Kf4 Rf7+ 70. Kg5 Ke5 71. Ra6 Rg7+ 72. Kh6 Rg6+ 73. Rxg6 hxg6 74. Kxg6 1/2-1/2

[Event "Goldmoney Asian Rapid"]
[Site "chess24.com INT"]
[Date "2021.06.26"]
[Round "4.4"]
[White "Jan-Krzysztof Duda"]
[Black "Yifan Hou"]
[Result "1-0"]
[EventDate "2021.06.26"]
[WhiteElo "2729"]
[BlackElo "2658"]
[PlyCount "94"]

1. d4 Nf6 2. c4 e6 3. Nf3 b6 4. g3 Bb4+ 5. Bd2 a5 6. Bg2 Bb7 7. O-O O-O 8. Bf4 Be7 9. Qc2 Be4 10. Qd2 Bb7 11. Nc3 Bb4 12. Qc2 Bxc3 13. Qxc3 d6 14. Rad1 Be4 15. Rfe1 Nbd7 16. Bf1 Qe7 17. Nd2 Bb7 18. e4 e5 19. Bg5 h6 20. Bxf6 Nxf6 21. dxe5 dxe5 22. c5 bxc5 23. f3 a4 24. Nc4 Rfe8 25. Ne3 g6 26. Rc1 Nh7 27. Qxc5 Ng5 28. Qxe7 Rxe7 29. Kf2 Ne6 30. Ng4 Nd4 31. Rc5 Ne6 32. Rxe5 h5 33. Ne3 Rd7 34. Bc4 Rd2+ 35. Re2 Rad8 36. Bxe6 fxe6 37. Ra5 R8d4 38. Nc2 Rd6 39. Nb4 R2d4 40. a3 Rc4 41. Ke3 c5 42. Rc2 Rxc2 43. Nxc2 Rb6 44. Rxc5 Rxb2 45. Kf4 Kf7 46. Rc7+ Ke8 47. Nb4 1-0

[Event "Goldmoney Asian Rapid"]
[Site "chess24.com INT"]
[Date "2021.06.26"]
[Round "5.6"]
[White "Wesley So"]
[Black "Jan-Krzysztof Duda"]
[Result "1-0"]
[EventDate "2021.06.26"]
[WhiteElo "2770"]
[BlackElo "2729"]
[PlyCount "94"]

1. d4 Nf6 2. c4 e6 3. Nc3 Bb4 4. e3 O-O 5. Bd3 d5 6. a3 Bxc3+ 7. bxc3 dxc4 8. Bxc4 c5 9. Nf3 Qc7 10. Be2 b6 11. Bb2 Bb7 12. O-O Rd8 13. Re1 Nbd7 14. c4 Rac8 15. Bf1 cxd4 16. exd4 Ng4 17. g3 Qc6 18. Bg2 Ngf6 19. Rc1 Qd6 20. Qb3 Be4 21. Bf1 h6 22. a4 Qb8 23. h4 Rc7 24. g4 Qa8 25. Nd2 Bb7 26. g5 hxg5 27. hxg5 Nh5 28. d5 exd5 29. Qh3 g6 30. Be2 d4 31. Bxh5 gxh5 32. Re7 Re8 33. Rxf7 Kxf7 34. Qxh5+ Kg8 35. Qg6+ Kf8 36. Qd6+ Re7 37. Qxc7 Kg8 38. Bxd4 Rh7 39. f3 Bxf3 40. g6 Rh1+ 41. Kf2 Qe8 42. Rxh1 Qe2+ 43. Kg3 Bxh1 44. Qxd7 Qg2+ 45. Kh4 Qh2+ 46. Qh3 Qf4+ 47. Kh5 1-0

[Event "3rd Prague Masters 2021"]
[Site "Prague CZE"]
[Date "2021.06.18"]
[Round "5.3"]
[White "Jan Krzysztof Duda"]
[Black "Van Foreest, Jorden"]
[Result "1-0"]
[EventDate "?"]
[WhiteElo "2729"]
[BlackElo "2701"]
[PlyCount "126"]

1. e4 e5 2. Nf3 Nc6 3. Bb5 a6 4. Ba4 Nf6 5. O-O Nxe4 6. d4 Be7 7. Re1 b5 8. Rxe4 d5 9. Nxe5 Nxe5 10. Rxe5 bxa4 11. Qe2 Be6 12. f4 g6 13. Nc3 a3 14. b3 Bb4 15. Nxd5 O-O 16. Qe4 Bd6 17. Nc3 Bf5 18. Rxf5 gxf5 19. Qxf5 Re8 20. Ne4 Be7 21. Be3 Qc8 22. Ng3 Bh4 23. Qd3 Bxg3 24. hxg3 Qe6 25. Kf2 Qe4 26. Rd1 a5 27. g4 c6 28. Qxe4 Rxe4 29. g5 Rae8 30. Rd3 h6 31. gxh6 f5 32. c4 R4e6 33. d5 cxd5 34. cxd5 Rxh6 35. d6 Rd8 36. Bc5 Kf7 37. Rd5 Kf6 38. Bxa3 Rh4 39. Kf3 Rh1 40. Rxa5 Rf1+ 41. Ke3 Re8+ 42. Kd3 Rxf4 43. Bc5 Rg4 44. Bd4+ Ke6 45. Re5+ Kd7 46. Rxf5 Kxd6 47. a4 Rxg2 48. b4 Rg4 49. Bc5+ Ke6 50. Rh5 Reg8 51. Kc3 R8g5 52. Rh6+ Rg6 53. Rh8 Kd5 54. Rd8+ Kc6 55. a5 Rh4 56. Kb3 Rh1 57. Rc8+ Kb7 58. Rf8 Kc6 59. Bd4 Rd1 60. a6 Rb1+ 61. Ka4 Kd5 62. Bf6 Kc6 63. a7 1-0

[Event "New In Chess Classic"]
[Site "chess24.com INT"]
[Date "2021.04.26"]
[Round "11.3"]
[White "Jan-Krzysztof Duda"]
[Black "Johan-Sebastian Christiansen"]
[Result "1-0"]
[EventDate "2021.04.24"]
[WhiteElo "2729"]
[BlackElo "2618"]
[PlyCount "65"]

1. d4 Nf6 2. c4 c5 3. d5 b5 4. cxb5 a6 5. bxa6 e6 6. Nc3 exd5 7. Nxd5 Be7 8. Nxe7 Qxe7 9. Bf4 d5 10. e3 O-O 11. Nf3 Nxa6 12. Be2 Bf5 13. O-O Qb7 14. Be5 Ne4 15. Qb3 Qxb3 16. axb3 Nb4 17. Rfd1 f6 18. Rxa8 Rxa8 19. Bc3 Na2 20. Ra1 Nexc3 21. bxc3 Bc2 22. b4 c4 23. Nd4 Bb3 24. Bf3 Rd8 25. Ne2 g5 26. Kf1 Kf7 27. Ke1 Ke6 28. Nd4+ Kd6 29. Kd2 Rc8 30. Bg4 Ra8 31. Bf5 h5 32. Bb1 Ra3 33. Nb5+ 1-0